Statistiken für Schweizer Gemeinden an der Grenze

Klicken Sie hier um das Quiz zu spielen!

Allgemein

  • Dieses Quiz wurde 35 mal gespielt
  • Das Durchschnittsergebnis liegt bei 59 aus 308

Antwortstatistiken

KantonGemeinde% Korrekt
BSBasel
92%
SGAu SG
83%
TGKreuzlingen
67%
SHSchaffhausen
67%
AGRheinfelden
63%
ZHWil ZH
63%
BLAllschwil
58%
BLBurg im Leimental
58%
TIChiasso
58%
BSRiehen
58%
TILugano
50%
GRScuol
50%
AGStein AG
50%
SHStein am Rhein
50%
NELa Chaux-de-Fonds
46%
VDLausanne
46%
NELe Locle
46%
AGMöhlin
46%
AGMumpf
46%
BLMuttenz
46%
ZHRafz
46%
TGRomanshorn
46%
GRSamnaun
46%
BLBiel-Benken
42%
ZHLaufen-Uhwiesen
42%
VSZermatt
42%
SGAltstätten
38%
TGArbon
38%
VSBinn
38%
AGKoblenz
38%
GRPontresina
38%
SGSargans
38%
TGSteckborn
38%
SHThayngen
38%
VDVevey
38%
AGZurzach
38%
SHBuch SH
33%
SGBuchs SG
33%
ZHEglisau
33%
AGFull-Reuenthal
33%
VSGoms
33%
AGKaiseraugst
33%
AGLaufenburg
33%
TIMendrisio
33%
GEMeyrin
33%
VDNyon
33%
BLPratteln
33%
VDPully
33%
ZHRheinau
33%
SGRheineck
33%
SGSevelen
33%
SGSt.Margrethen
33%
ZHWeiach
33%
GRZernez
33%
BLBirsfelden
29%
GRBrusio
29%
SHHallau
29%
GRKlosters
29%
NELa Brévine
29%
AGLeibstadt
29%
TGMünsterlingen
29%
SHNeuhausen am Rheinfall
29%
GRSamedan
29%
AGSisseln
29%
NEVal-de-Travers
29%
GRVal Müstair
29%
VSZwischbergen
29%
BLAugst
25%
GRAvers
25%
SHBargen SH
25%
TIBellinzona
25%
TIBosco/Gurin
25%
VDBourg-en-Lavaux
25%
VSBourg-Saint-Pierre
25%
TIBrissago
25%
ZHFeuerthalen
25%
GRFläsch
25%
VDGland
25%
ZHGlattfelden
25%
GRMaienfeld
25%
VObergoms
25%
GRPoschiavo
25%
GRRoveredo
25%
VSSaint-Gingolph
25%
GRSils im Engadin/ Segl
25%
GRZuoz
25%
TGAltnau
21%
GEAvully
21%
GEAvusy
21%
BSBettingen
21%
JUBoncourt
21%
JUBonfol
21%
GEChancy
21%
ZHDachsen
21%
SGDiepoldsau
21%
TGEschenz
21%
GRLostallo
21%
TGMammern
21%
TIMelide
21%
AGMellikon
21%
GRMesocco
21%
SHOberhallau
21%
TIOnsernone
21%
GRS-chanf
21%
VDVallorbe
21%
GRValsot
21%
GEVersoix
21%
SGWartau
21%
ZHWasterkingen
21%
TIBedretto
17%
SHBeggingen
17%
GRBregaglia
17%
JUBure
17%
TICentovalli
17%
GEDardagny
17%
TGDiessenhofen
17%
SHDörflingen
17%
TGEgnach
17%
VSEvolène
17%
TGHorn
17%
ZHHüntwangen
17%
AGKaisten
17%
TGKesswil
17%
SOKleinlützel
17%
GELe Grand-Saconnex
17%
VDLutry
17%
ZHMarthalen
17%
SOMetzerlen-Mariastein
17%
VSMonthey
17%
VDMorges
17%
SHNeunkirch
17%
SGOberriet
17%
BLOberwil BL
17%
SHRamsen
17%
AGRietheim
17%
SORodersdorf
17%
VDRolle
17%
SGRorschacherberg
17%
SHRüdlingen
17%
VSSaas-Almagell
17%
GESatigny
17%
GRSchiers
17%
SHSchleitheim
17%
TIStabio
17%
TGTägerwilen
17%
TGUttwil
17%
AGWallbach
17%
SGWidnau
17%
TGBerlingen
13%
TICampo (Vallemaggia)
13%
TICaslano
13%
TICevio
13%
VSChampéry
13%
TGErmatingen
13%
TGGüttingen
13%
JUHaute-Ajoie
13%
SHHemishofen
13%
GEHermance
13%
GEJussy
13%
VDLe Lieu
13%
GRLuzein
13%
SHMerishausen
13%
AGMettauertal
13%
TIMorcote
13%
VSOrsières
13%
TIParadiso
13%
GRRheinwald
13%
JUSaignelégier
13%
TGSalenstein
13%
TGSchlatt TG
13%
AGSchwaderloch
13%
GRSeewis im Prättigau
13%
SGSennwald
13%
GRSoazza
13%
SGThal
13%
GEThônex
13%
SHTrasadingen
13%
TITresa
13%
GEVeyrier
13%
SHWilchingen
13%
VDAllaman
8%
GEAnières
8%
TIAstano
8%
GEBellevue
8%
TGBottighofen
8%
SHBüttenhardt
8%
GRCama
8%
VDChavannes-de-Bogis
8%
VDChavannes-des-Bois
8%
VDCoppet
8%
GRFerrera
8%
JUFontenais
8%
TIGambarogno
8%
GRGrono
8%
GEGy
8%
VDLe Chenit
8%
JULes Bois
8%
TIPonte Capriasca
8%
VDPuidoux
8%
GEPuplinge
8%
VSRied-Brig
8%
SGRüthi
8%
VDSaint-Saphorin
8%
TGSalmsach
8%
VSSalvan
8%
GRSan Vittore
8%
SGSteinach
8%
GRSufers
8%
VSTrient
8%
GETroinex
8%
JUVendlincourt
8%
TIArogno
4%
VDBallaigues
4%
JUBasse-Allaine
4%
VDBaulmes
4%
JUBeurnevésin
4%
VDBogis-Bossey
4%
TIBreggia
4%
TIBrusino Arsizio
4%
GECéligny
4%
VDChexbres
4%
JUClos du Doubs
4%
GECollex-Bossy
4%
VSCollombey-Muraz
4%
GECorsier
4%
VDCrassier
4%
JUFahy
4%
VSFinhaut
4%
VDGingins
4%
VSGrengiols
4%
VDL'Abergement
4%
NELa Côte-aux-Fées
4%
NELes Planchettes
4%
AGLeuggern
4%
VDLignerolle
4%
JULugnez
4%
TINovazzano
4%
JUPleigne
4%
GEPresinge
4%
VDRivaz
4%
VDSainte-Croix
4%
VDSaint-Prex
4%
VDSaint-Sulpice
4%
BLSchönenbuch
4%
JUSoubey
4%
VDTolochenaz
4%
VSTroistorrents
4%
TIVacallo
4%
VSVouvry
4%
TIAlto Malcantone
0%
VDArzier- Le Muids
0%
GEBardonnex
0%
SOBättwil
0%
TIBissone
0%
VDBuchillon
0%
VDBursinel
0%
TICastel San Pietro
0%
VDChardonne
0%
VCorseaux
0%
VDCrans
0%
VDDully
0%
VSEvionnaz
0%
VDFounex
0%
JUGrandfontaine
0%
SOHofstetten-Flüh
0%
JULa Baroche
0%
VDLa Rippe
0%
NELe Cerneux-Péquignot
0%
JULe Noirmont
0%
NELes Verrières
0%
TIMiglieglia
0%
TINovaggio
0%
VDPaudex
0%
GEPerly-Certoux
0%
VDPerroy
0%
VDPrangins
0%
VDPréverenges
0%
BLRoggenburg
0%
VDSaint-Cergue
0%
GESoral
0%
VSVal de Bagnes
0%
VSVal-d'Illiez
0%
TIVal Mara
0%
VSVionnaz
0%

Verteilung der Resultate

Perzentil nach korrekt beantworteten Fragen

Anzahl Personen mit jedem Resultat

Ihre Resultats-Entwicklung

Sie haben dieses Quiz noch nicht gespielt